000 00491nam a22001697a 4500
005 20251126174432.0
008 251117b |||||||| |||| 00| 0 eng d
020 _a978-81-960679-3-9
041 _aeng
082 _a668.5 VIJ-T
100 _aVIJENDRA, DR. RAVI KUMAR AND BIJAPURI, SHRISVASTAVA
_98739
245 _aA TEXTBOOK OF COSMETIC SCIENCE FOR B. PHARMA AS PER PCI SYLLABUS
260 _aHYDERABAD
_bTAURAS PUBLISHERS
_c2023
300 _a180;P
650 _aPHARMACY
942 _cBK
999 _c8911
_d8909